Search the Library Catalogue
| 000 -LEADER | |
|---|---|
| fixed length control field | 00826nam a2200205Ia 4500 |
| 008 - FIXED-LENGTH DATA ELEMENTS--GENERAL INFORMATION | |
| fixed length control field | 250326s9999 xx 000 0 und d |
| 020 ## - INTERNATIONAL STANDARD BOOK NUMBER | |
| ISBN | 9789389872408 |
| Paper back/Hardbound | pbk. |
| 041 ## - LANGUAGE CODE | |
| Language code of text/sound track or separate title | eng |
| 082 ## - DEWEY DECIMAL CLASSIFICATION NUMBER | |
| Classification number | 621.382 |
| Item number | NAI |
| 100 ## - MAIN ENTRY--AUTHOR NAME | |
| Personal name | Nair, B. Somanathan ; Deepa, S.R. |
| 245 #0 - TITLE STATEMENT | |
| Title | Basic Communication And Information Engineering |
| Statement of responsibility, etc | / B. Somanathan Nair and S.R. Deepa |
| 250 ## - EDITION STATEMENT | |
| Edition statement | 1st ed. |
| 260 ## - PUBLICATION, DISTRIBUTION, ETC. (IMPRINT) | |
| Name of publisher | Wiley |
| Year of publication | 2020 |
| Place of publication | New Delhi |
| 300 ## - PHYSICAL DESCRIPTION | |
| Number of Pages | xxii, 330 p. |
| Other physical details | : ill. |
| Dimensions | ; 24 cm. |
| 504 ## - BIBLIOGRAPHY, ETC. NOTE | |
| Bibliography, etc | Includes index |
| 520 ## - SUMMARY, ETC. | |
| Summary, etc | The present book is meant for the first-year students of various universities. Engineering educationists feel that first-year students of all disciplines must have an elementary and General idea about various branches of electronics. |
| 650 ## - SUBJECT ADDED ENTRY--TOPICAL TERM | |
| Topical Term | Communication Engineering |
| 942 ## - ADDED ENTRY ELEMENTS (KOHA) | |
| Koha item type | English Books |
| Withdrawn status | Lost status | Damaged status | Not for loan | Home library | Current library | Shelving location | Date acquired | Cost, normal purchase price | Full call number | Accession Number | Price effective from | Koha item type |
|---|---|---|---|---|---|---|---|---|---|---|---|---|
| Anna Centenary Library | Anna Centenary Library | 6TH FLOOR, A WING | 13.03.2025 | 395.00 | 621.382 NAI | 702335 | 26.03.2025 | English Books | ||||
| Anna Centenary Library | Anna Centenary Library | 6TH FLOOR, A WING | 13.03.2025 | 395.00 | 621.382 NAI;1 | 702336 | 26.03.2025 | English Books |